Alemán, al borde del desafuero

Sparad:
Bibliografiska uppgifter
Materialtyp: Text
Ämnen:
Taggar: Lägg till en tagg
Inga taggar, Lägg till första taggen!

MARC

LEADER 00000 a a2200000 04500
001 6596
003
040
245 |a Alemán, al borde del desafuero  
650 |a POLITICOS  
650 |a CORRUPCION  
650 |a RESPONSABILIDAD LEGAL  
773 |g volumen 23, número 1010; páginas 10-12  
999 |c 27996  |d 27996